000 00976nas a2200301 4500
001 BR2012000663
003 BR-BrBNA
005 20231205120052.0
007 ta
008 230509b bl.|||p| |||| 00| 00por d
040 _aBR-BrBNA
_bpor
_cBiblioteca Nacional de Agricultura
041 _a(Pt)
072 _aP40
100 1 _aColtri, P.P.
100 1 _aFagnani, M.A.
100 1 _aLabaki, L.C.
100 1 _aFerreira, N.J.
100 1 _aDemétrio, V.A.
245 1 _aVariabilidade dos principais elementos climáticos e urbanização na região de Piracicaba, SP
246 1 _aMain climatics elements variability and urbanization in Piracicaba's region
650 _aCLIMA
650 _aURBANIZAÇÃO
650 _aCIDADE
650 _aSÃO PAULO
773 0 _tRevista Brasileira de Engenharia de Biossistemas (Brazil)
_xISSN 1981-7061
_g(May-Aug 2007), v.1(2) p. 197-208
_wBR2012000663
909 _a202311
_bLúcia
_c55
_dLúcia Elande
942 _2AGRIS
_n0
_cANA
999 _c216925
_d216925